000 00919nam a2200253Ia 4500
003 GCL
008 140319s9999 xx 000 0 ara d
020 _a0200299953
040 _aGCL /
_cGCL
082 0 4 _a322.42
_bب ا
100 1 _aبريزار، جان - شارل
245 1 0 _aابو مصعب الزرقاوى 1966 - 2006 :
_bالوجه الآخر لتنظيم القاعدة /
_cبريزار، جان - شارل
700 1 _aمارتينز، داميا
700 1 _aهالة صلاح الدين لولو
250 _aالاولى
260 _aبيروت :
_bالدار العربية للعلوم ،
_c2006
300 _a277 ص ؛
_c24 سم
650 0 4 _aالجرائم السياسية
650 0 4 _aالارهاب الدولى
650 0 4 _aأبومصعب الزرقاوى
650 0 4 _aالجماعات الارهابية
650 0 4 _aالجماعات التخريبية
942 _2ddc
_cBK
999 _c9456
_d9456